From sundials to atomic clocks (Record no. 14282)

MARC details
000 -LEADER
campo de control de longitud fija 00748nam a2200253 i 4500
001 - NÚMERO DE CONTROL
campo de control 14282
003 - IDENTIFICADOR DE NÚMERO DE CONTROL
campo de control ES-MaACL
005 - FECHA Y HORA DE LA ÚLTIMA TRANSACCIÓN
campo de control 20230906150750.0
007 - CAMPO FIJO DE DESCRIPCIÓN FÍSICA--INFORMACIÓN GENERAL
campo de control de longitud fija t|
008 - DATOS DE LONGITUD FIJA--INFORMACIÓN GENERAL
campo de control de longitud fija 981130s1982 xxu ||||1| eng d
020 ## - NÚMERO INTERNACIONAL ESTÁNDAR DEL LIBRO
Número Internacional Estándar del Libro 0-486-24265-X
080 ## - NÚMERO DE LA CLASIFICACIÓN DECIMAL UNIVERSAL
Número de la Clasificación Decimal Universal 115
080 ## - NÚMERO DE LA CLASIFICACIÓN DECIMAL UNIVERSAL
Número de la Clasificación Decimal Universal 529
080 ## - NÚMERO DE LA CLASIFICACIÓN DECIMAL UNIVERSAL
Número de la Clasificación Decimal Universal 681.11
100 1# - ENTRADA PRINCIPAL--NOMBRE DE PERSONA
Nombre de persona Jespersen, James.
9 (RLIN) 66355
245 10 - MENCIÓN DEL TÍTULO
Título From sundials to atomic clocks
Resto del título : understanding time and frequency /
Mención de responsabilidad, etc. James Jespersen and Jane Fitz-Randolph ; illustrated by John Robb.
260 ## - PUBLICACIÓN, DISTRIBUCIÓN, ETC.
Lugar de publicación, distribución, etc. New York :
Nombre del editor, distribuidor, etc. Dover Publications,
Fecha de publicación, distribución, etc. [1982]
300 ## - DESCRIPCIÓN FÍSICA
Extensión 175 p. ;
Dimensiones 24 cm.
650 14 - PUNTO DE ACCESO ADICIONAL DE MATERIA--TÉRMINO DE MATERIA
Término de materia o nombre geográfico como elemento de entrada Tiempo.
9 (RLIN) 17529
650 ## - PUNTO DE ACCESO ADICIONAL DE MATERIA--TÉRMINO DE MATERIA
Término de materia o nombre geográfico como elemento de entrada Relojes.
9 (RLIN) 16839
700 1# - ENTRADA AGREGADA--NOMBRE PERSONAL
Nombre de persona Fitz-Randolph, Jane.
9 (RLIN) 51067
700 1# - ENTRADA AGREGADA--NOMBRE PERSONAL
Nombre de persona Robb, John.
9 (RLIN) 97782
852 ## - LOCALIZACIÓN
Ubicación ES-MaACL
Número de control de estantería L-21520
Holdings
Estatus retirado Estado de pérdida Estado de daño No para préstamo Biblioteca de origen Biblioteca actual Ubicación en estantería Fecha de adquisición Fuente de adquisición Total de préstamos Signatura topográfica completa Código de barras Visto por última vez Precio de reemplazo Tipo de ítem Koha
        Biblioteca del Ateneo de Madrid Biblioteca del Ateneo de Madrid Depósito 2 17/01/2008     L-21520 1014529 23/02/2023 23/02/2023 Libro impreso